| 000 | 00899nam a2200289 a 4500 | ||
|---|---|---|---|
| 001 | 000023967 | ||
| 003 | OSt | ||
| 005 | 20200930022616.0 | ||
| 008 | 110117s1969 ve r 000 f spa d | ||
| 040 |
_aDO-SdBNP _bspa _cBNPHU |
||
| 082 |
_a853.912 _bB577a |
||
| 100 | 1 |
_aBianciardi, Luciano, _941841 _d1922-1971 |
|
| 240 | 1 | 0 |
_aAprire il fuoco. _lEspañol |
| 245 | 1 | 0 |
_aAbrir el fuego : _bnovela / _cLuciano Bianciardi ; traducción de Eugenio Guasta. |
| 260 |
_aVenezuela : _bMonte Ávila, _c1969. |
||
| 300 |
_a225 p. ; _c20 cm. |
||
| 490 | 1 | _aPrisma ; | |
| 504 | _aIncluye referencias bibliográficas y notas al pie de las páginas. | ||
| 590 | _aInventariado, 2020/YL | ||
| 650 | 4 |
_aNovela italiana _94322 |
|
| 650 | 4 |
_aLiteratura italiana _93329 |
|
| 700 | 1 |
_aGuasta, Eugenio, _etr. _949302 |
|
| 830 | 0 |
_aPrisma _93770 |
|
| 910 | _aEn proceso | ||
| 942 |
_2ddc _cLF1 |
||
| 956 | _aYLOCKWARD | ||
| 999 |
_c23463 _d23463 |
||